000 00691nam a2200265Ia 4500
005 20260121171256.0
008 008 260114s9999 xx 000 0 eng d
020 _a9783030194208
037 _aEBOOK
040 _aCRL
040 _beng
040 _cCRL
041 _2eng
041 _aeng
084 _qCRL
100 _aBernard Brogliato, Rogelio Lozano, Bernhard Maschke, Olav Egeland
_91074224
245 0 _aDissipative Systems Analysis and Control
260 _bSpringer
260 _bSpringer
260 _c2020
856 _uhttps://link.springer.com/openurl?genre=book&isbn=978-3-030-19420-8
942 _cEBOOK
999 _c1639954
_d1639954